On This Day: September 14th II Quiz Stats

 Plays Quiz Updated Sep 14, 2018

Score 0/7 Timer 03:00
0 Plays Today
Question Answer Wrong Answers
This American animator, who holds the record for most Academy Award wins (22) and nominations (59), receives the Medal of Freedom at the White House.
1964
Walt Disney
93.8%
William Hanna
1.2%
Dr. Seuss
1.5%
Joseph Barbera
2.4%
‘The Golden Girls,’ a sitcom about four older women sharing a home in Florida, premieres on NBC, starring Bea Arthur, Rue McClanahan, Estelle Getty, and this actress whose Emmy-winning career has spanned more than 75 years.
1985
Betty White
92.3%
Lucille Ball
2.3%
Carol Burnett
1.9%
Bette Midler
2.3%
The German composer George Frideric Handel completes this English-language oratoria (it only took him about 3 weeks) featuring the ‘Hallelujah’ chorus.
1741
Messiah
83.7%
The Marriage of Figaro
2.9%
Für Elise
3.6%
Ave Maria
9.8%
In Baltimore during the War of 1812, a 35-year-old lawyer and amateur poet writes ‘Defence of Fort McHenry,’ the words of which later became the lyrics to this song.
1814
The Star-Spangled Banner
80%
God Bless America
4.5%
The Marines' Hymn
1.5%
Battle Hymn of the Republic
13.3%
After 34 days of a players’ strike, this Big 4 league cancels the remainder of its regular season and its postseason, leaving fans without a ‘Fall Classic’ for the first time since 1904.
1994
MLB
74.2%
NBA
6.3%
NHL
8.9%
NFL
9.2%
The citizens of this former Soviet republic, which is separated from Finland by a narrow arm of the Baltic Sea, approve joining the European Union in a referendum.
2003
Estonia
67.1%
Lithuania
16.4%
Ukraine
9.6%
Georgia
5.3%
This Baltimore Raven rushes for an NFL single-game record of 295 yards (on 30 carries with 2 TDs), which Adrian Peterson of the Vikings would best by one yard four seasons later.
2003
Jamal Lewis
40.5%
Ray Rice
31%
Barry Sanders
19.3%
Priest Holmes
7.2%

You're not logged in!

Compare scores with friends on all Sporcle quizzes.
OR
Log In

Sporcle TV

Today on Sporcle TV


Watch our educational content, quiz creation guides, and fun videos on Sporcle TV.

Show Comments

Extras

Top Quizzes Today


Score Distribution

Your Account Isn't Verified!

In order to create a playlist on Sporcle, you need to verify the email address you used during registration. Go to your Sporcle Settings to finish the process.

Report this User

Report this user for behavior that violates our Community Guidelines.

Details: